REHAHILITATION FOR THE POST SURGICAL ORTHOPEDIC PATIENT (Record no. 800737)

MARC details
000 -LEADER
fixed length control field 00390pam a2200157 a 4500
020 ## - INTERNATIONAL STANDARD BOOK NUMBER
International Standard Book Number 9780323077477
Terms of availability
041 ## - LANGUAGE CODE
Language code of original
082 ## - DEWEY DECIMAL CLASSIFICATION NUMBER
Classification number 617.3
Item number 11432
100 ## - MAIN ENTRY--PERSONAL NAME
Personal name MAXEY L., MAGHUSSON J.,.
245 ## - TITLE STATEMENT
Title REHAHILITATION FOR THE POST SURGICAL ORTHOPEDIC PATIENT
Medium Textual Documents
250 ## - EDITION STATEMENT
Edition statement 3.
260 ## - PUBLICATION, DISTRIBUTION, ETC.
Name of publisher, distributor, etc. MOSBY
Date of publication, distribution, etc. 2013
300 ## - PHYSICAL DESCRIPTION
Extent 649:
Other physical details XIV;
Dimensions HB.
650 ## - SUBJECT ADDED ENTRY--TOPICAL TERM
Topical term or geographic name entry element ORTHO
930 ## - EQUIVALENCE OR CROSS-REFERENCE-UNIFORM TITLE HEADING [LOCAL, CANADA]
Uniform title 6210
Holdings
Withdrawn status Lost status Damaged status Not for loan Collection Home library Current library Date acquired Source of acquisition Cost, normal purchase price Total Checkouts Full call number Barcode Date last seen Copy number Price effective from Koha item type
          Medical College & Hospital, Sangli Medical College & Hospital, Sangli 12/04/2014 B.M.S.G.B.PUNE 6732.00   617.3 11432 MCS-11432 26/07/2023 1 26/07/2023 Book